Autostrada A4 - węzły - Statystyki

Ogólne statystyki
  • Ten quiz został rozwiązany 597 razy
  • Średni wynik to 24 z 72
Statystyki odpowiedzi
Kilometr Węzeł % Poprawnych
2 Zgorzelec
65%
148 Wrocław Południe
60%
402 Kraków Balice
55%
219 Opole Zachód
53%
316 Gliwice Sośnica
52%
417 Kraków Południe
52%
241 Opole Południe
52%
574 Rzeszów Północ
52%
570 Rzeszów Zachód
52%
580 Rzeszów Wschód
51%
162 Wrocław Wschód
50%
645 Przemyśl
49%
458 Bochnia
48%
86 Legnica Południe
48%
468 Brzesko
47%
665 Korczowa
47%
369 Chrzanów
46%
347 Mysłowice
46%
45 Bolesławiec
45%
191 Brzeg
42%
90 Legnica Wschód
42%
325 Ruda Śląska
42%
150 Bielany Wrocławskie
40%
331 Chorzów
40%
425 Kraków Wieliczka
39%
136 Kąty Wrocławskie
38%
592 Łańcut
37%
419 Kraków Łagiewniki
36%
275 Strzelce Opolskie
36%
530 Dębica Zachód
34%
341 Katowice Murckowska
34%
428 Kraków Bieżanów
34%
537 Dębica Wschód
33%
409 Kraków Tyniec
33%
248 Krapkowice
33%
611 Przeworsk
33%
622 Jarosław Zachód
32%
338 Katowice Francuska
32%
269 Kędzierzyn-Koźle
32%
51 Krzyżowa
32%
502 Tarnów Centrum
32%
124 Kostomłoty
31%
631 Jarosław Wschód
30%
489 Tarnów Mościce
30%
336 Katowice Mikołowska
29%
321 Zabrze Południe
29%
413 Kraków Skawina
28%
551 Sędziszów
28%
445 Targowisko
28%
401 Balice I
27%
372 Trzebinia
25%
407 Kraków Bielany
23%
350 Brzęczkowice
22%
58 Krzywa
22%
80 Złotoryja
22%
94 Legnickie Pole
20%
145 Pietrzykowice
19%
69 Chojnów
17%
305 Gliwice Ostropa
17%
311 Gliwice Bojków
15%
382 Rudno
15%
115 Udanin
15%
104 Wądroże Wielkie
15%
111 Budziszów
13%
18 Godzieszów
13%
293/297 Kleszczów
13%
99 Mikołajowice
13%
361 Jaworzno Jeleń
12%
174 Brzezimierz
11%
284 Łany
10%
119 Gościsław
9%
366 Jaworzno Cezarówka
2%
Nie znaleziono quizów pasujących do podanych kryteriów
Rozkład punktacji
Procent ludzi z każdym wynikiem
Percentyl według liczby udzielonych odpowiedzi
Twoja historia wyników
Nie rozwiązałeś tego quizu